LEADER 00894nam a2200169 i 4500 001 000000216429 003 CaOOAMICUS 005 20121019000000.0 008 121019s1861 xx u000 u lat u 013 $a195319 040 $aSeMil$bita 245 10$aRoberti Bellarmini Politani S. J. S. R. E. tit. S. Mariae in Via presbyteri cardinalis Conciones. 300 $a596 p. 773 0 $aBellarmino, Roberto $tRoberti cardinalis Bellarmini opera omnia.$bEditio 1. Neapolitana iuxta Venetam anni 1721 dicata eminentiss. cardinali Xisto Riario Sforza archyepiscopo Neapolitano.$dNeapoli : Apud Josephum Giuliano, 1856-1862.$g5$w()1310 850 $aSeMil 852 $aSeMil$W1$xVenegono$y1$m2D IV 48 FA$j166848$B166848$CSeMilBibl$Z2$F177677 $8I 996 $6245$aRoberti Bellarmini Politani S. J. S. R. E. tit. S. Mariae in Via presbyteri cardinalis Conciones$9(OLS)http://semarc/title/311198